|
|
|
|
| LEADER |
01885nam a2200433 i 4500 |
| 001 |
EBC4873887 |
| 003 |
MiAaPQ |
| 005 |
20200520144314.0 |
| 006 |
m o d | |
| 007 |
cr cnu|||||||| |
| 008 |
170711t20172017dk a o 001 0 eng d |
| 020 |
|
|
|z 9788793379756
|
| 020 |
|
|
|a 9788793379763 (e-book)
|
| 035 |
|
|
|a (MiAaPQ)EBC4873887
|
| 035 |
|
|
|a (Au-PeEL)EBL4873887
|
| 035 |
|
|
|a (CaPaEBR)ebr11396726
|
| 035 |
|
|
|a (OCoLC)990733845
|
| 040 |
|
|
|a MiAaPQ
|b eng
|e rda
|e pn
|c MiAaPQ
|d MiAaPQ
|
| 050 |
|
4 |
|a TK7867
|b .W434 2017
|
| 082 |
0 |
|
|a 621.3815
|2 23
|
| 100 |
1 |
|
|a Weber, Stephan,
|e author.
|
| 245 |
1 |
0 |
|a Circuit design :
|b anticipate, analyze, exploit variations /
|c Stephan Weber, Candido Duarte.
|
| 264 |
|
1 |
|a Gistrup, Denmark ;
|a Delft, The Netherlands :
|b River Publishers,
|c 2017.
|
| 264 |
|
4 |
|c 2017
|
| 300 |
|
|
|a 1 online resource (640 pages) :
|b illustrations, tables.
|
| 336 |
|
|
|a text
|2 rdacontent
|
| 337 |
|
|
|a computer
|2 rdamedia
|
| 338 |
|
|
|a online resource
|2 rdacarrier
|
| 490 |
1 |
|
|a River Publishers Series in Circuits and Systems
|
| 500 |
|
|
|a Includes index.
|
| 588 |
|
|
|a Description based on print version record.
|
| 590 |
|
|
|a Electronic reproduction. Ann Arbor, MI : ProQuest, 2016. Available via World Wide Web. Access may be limited to ProQuest affiliated libraries.
|
| 650 |
|
0 |
|a Electronic circuit design.
|
| 655 |
|
4 |
|a Electronic books.
|
| 700 |
1 |
|
|a Duarte, Candido,
|e author.
|
| 776 |
0 |
8 |
|i Print version:
|a Weber, Stephan.
|t Circuit design : anticipate, analyze, exploit variations.
|d Gistrup, Denmark ; Delft, The Netherlands : River Publishers, c2017
|h lxi, 575 pages
|k River Publishers series in circuits and systems.
|z 9788793379756
|w 2016461925
|
| 797 |
2 |
|
|a ProQuest (Firm)
|
| 830 |
|
0 |
|a River Publishers series in circuits and systems.
|
| 856 |
4 |
0 |
|u https://ebookcentral.proquest.com/lib/matrademy/detail.action?docID=4873887
|z Click to View
|